01107cam a2200169 a 450008200220000024501150002225000240013726000410016130000520020250504820025452600370073665000130077371000180078694200120080499900190081695201020083500a355.00941bFROcD00aFrontier and overseas expeditions from India /ccompiled in the Intelligence Branch, Army Headquarters, India. a1st Indian reprint. aDelhi :bMittal Publications,c1983. a7 v. in 8 :bill., maps (some folded) ;c23 cm.1 av. 1, pt. 1. Tribes north of the Kabul river. pt. 2, Supplement, operations against the Mohmands -- v. 2. North-West Frontier tribes between the Kabul and Gumal Rivers -- v. 3. Baluchistan and the First Afghan War -- v. 4. North & North-Eastern Frontier tribes -- v. 5. Burma -- v. 6. Overseas expeditions, including Africa, Ceylon and the Islands of the Indian Ocean, Arabia and Persia, Malay Peninsula and Archipelago, China -- v. 7. Official account of the Abor expeditions. a0b0c0d355_009410000000000_FRO aMCE93791 aIndia.939679 2ddccBK c552253d552253 00102ddc4070aMCEbMCEd2015-01-13l0o355.00941 FROpMCE-ECF/35.2r2015-01-13w2015-01-13yBK